Statistiques concernant Les 10 meilleurs buteurs en 2014.

Cliquez ici pour prendre le quiz!

Statistiques générales

  • Ce quiz a été pris 201 fois
  • Le résultat moyen est 8 sur 10

Statistiques - réponses

ButsJoueursClubs% Correct
61Cristiano RonaldoReal
100%
58Lionel MessiBarca
99%
35Karim BenzemaReal
97%
33Zlatan IbrahimovicPSG
95%
33NeymarBarca
92%
29Sergio AgueroMan City
89%
31Alexandre LacazetteLyon
87%
31Thomas MullerBayern
76%
32Alexis SanchezBarca/ Arsenal
60%
31Mario MandzukicBayern/ Atletico
32%

Distribution des résultats

Percentile par nombre de réponses

% des personnes avec chaque résultat

Votre développement - résultats

Vous n’avez pas pris ce quiz